Winning with futures (Record no. 8558)
[ view plain ]
| 000 -LEADER | |
|---|---|
| fixed length control field | 01195nam a2200313Ia 4500 |
| 001 - CONTROL NUMBER | |
| control field | ebr10271821 |
| 003 - CONTROL NUMBER IDENTIFIER | |
| control field | CaPaEBR |
| 006 - FIXED-LENGTH DATA ELEMENTS--ADDITIONAL MATERIAL CHARACTERISTICS--GENERAL INFORMATION | |
| fixed length control field | m u |
| 007 - PHYSICAL DESCRIPTION FIXED FIELD--GENERAL INFORMATION | |
| fixed length control field | cr cn||||||||| |
| 008 - FIXED-LENGTH DATA ELEMENTS--GENERAL INFORMATION | |
| fixed length control field | 080616s2009 nyua s 001 0 eng d |
| 010 ## - LIBRARY OF CONGRESS CONTROL NUMBER | |
| Canceled/invalid LC control number | 2008026399 |
| 020 ## - INTERNATIONAL STANDARD BOOK NUMBER | |
| Cancelled/invalid ISBN | 0814409873 |
| Cancelled/invalid ISBN | 9780814409879 |
| 040 ## - CATALOGING SOURCE | |
| Original cataloging agency | CaPaEBR |
| Transcribing agency | CaPaEBR |
| 035 ## - SYSTEM CONTROL NUMBER | |
| System control number | (OCoLC)301678258 |
| 050 14 - LIBRARY OF CONGRESS CALL NUMBER | |
| Classification number | HG6024.A3 |
| Item number | T478 2009eb |
| 100 1# - MAIN ENTRY--PERSONAL NAME | |
| Personal name | Thomsett, Michael C. |
| 245 10 - TITLE STATEMENT | |
| Title | Winning with futures |
| Medium | [electronic resource] : |
| Remainder of title | the smart way to recognize opportunities, calculate risk, and maximize profits / |
| Statement of responsibility, etc | Michael C. Thomsett. |
| 260 ## - PUBLICATION, DISTRIBUTION, ETC. (IMPRINT) | |
| Place of publication, distribution, etc | New York : |
| Name of publisher, distributor, etc | American Management Association, |
| Date of publication, distribution, etc | c2009. |
| 300 ## - PHYSICAL DESCRIPTION | |
| Extent | x, 244 p. : |
| Other physical details | ill. |
| 500 ## - GENERAL NOTE | |
| General note | Includes index. |
| 533 ## - REPRODUCTION NOTE | |
| Type of reproduction | Electronic reproduction. |
| Place of reproduction | Palo Alto, Calif. : |
| Agency responsible for reproduction | ebrary, |
| Date of reproduction | 2009. |
| Note about reproduction | Available via World Wide Web. |
| -- | Access may be limited to ebrary affiliated libraries. |
| 650 #0 - SUBJECT ADDED ENTRY--TOPICAL TERM | |
| Topical term or geographic name as entry element | Futures market. |
| Topical term or geographic name as entry element | Futures. |
| Topical term or geographic name as entry element | Investments. |
| 655 #7 - INDEX TERM--GENRE/FORM | |
| Genre/form data or focus term | Electronic books. |
| Source of term | local |
| 710 2# - ADDED ENTRY--CORPORATE NAME | |
| Corporate name or jurisdiction name as entry element | ebrary, Inc. |
| 856 40 - ELECTRONIC LOCATION AND ACCESS | |
| Uniform Resource Identifier | <a href="http://site.ebrary.com/lib/rucke/Doc?id=10271821">http://site.ebrary.com/lib/rucke/Doc?id=10271821</a> |
| Public note | An electronic book accessible through the World Wide Web; click to view |
No items available.
